[Event "Elit(Sollentuna-LASK)"]
[Site "?"]
[Date "2006.??.??"]
[Round "11"]
[White "Niklasson, Christer"]
[Black "Berg, Emanuel"]
[Result "1/2-1/2"]
[WhiteElo "2423"]
[BlackElo "2618"]
[PlyCount "113"]
[EventDate "2006.03.21"]

1. d4 e6 2. c4 Nf6 3. Nc3 Bb4 4. a3 Bxc3+ 5. bxc3 c5 6. e3 b6 7. Bd3 Bb7 8. f3
Nc6 9. Ne2 O-O 10. e4 cxd4 11. cxd4 e5 12. Bg5 h6 13. Bh4 d6 14. O-O g5 15. Bf2
Nh5 16. c5 dxc5 17. dxc5 bxc5 18. Bxc5 Re8 19. Rb1 Qa5 20. Rb5 Qc7 21. Rb3 Red8
22. Qb1 Bc8 23. Rc1 Be6 24. Rb7 Qa5 25. Rb5 Qd2 26. Rd1 Qa2 27. Qxa2 Bxa2 28.
Nc3 Nf4 29. Bf1 Rxd1 30. Nxd1 Rd8 31. Nc3 Rd2 32. Be3 Rc2 33. Nd5 Ne2+ 34. Bxe2
Rxe2 35. Bf2 Rd2 36. h3 Bxd5 37. Rxd5 Ra2 38. Rd6 Nd4 39. Bxd4 exd4 40. Rxd4
Rxa3 41. h4 Kg7 42. h5 Ra1+ 43. Kf2 a5 44. Rd6 a4 45. Ra6 Ra2+ 46. Kg3 a3 47.
Kh2 Kh7 48. Kg3 Kg7 49. Kh2 Ra1 50. Kg3 a2 51. Kh2 g4 52. fxg4 f6 53. Ra7+ Kf8
54. Kg3 Ke8 55. Kh2 Kf8 56. Kg3 Ke8 57. Kh2 1/2-1/2

[Event "Elit(Sollentuna-LASK)"]
[Site "?"]
[Date "2006.??.??"]
[Round "11"]
[White "Ivanov, Sergej"]
[Black "Tikkanen, Hans"]
[Result "1/2-1/2"]
[WhiteElo "2630"]
[BlackElo "2426"]
[PlyCount "146"]
[EventDate "2006.03.21"]

1. d4 g6 2. c4 Bg7 3. e4 d6 4. Nc3 e5 5. dxe5 dxe5 6. Qxd8+ Kxd8 7. f4 Be6 8.
Nf3 Nc6 9. Bd2 Kc8 10. O-O-O Nf6 11. Bd3 Nd7 12. Nd5 exf4 13. Bxf4 Nce5 14. Be2
Re8 15. Rhf1 b6 16. Ng5 h6 17. Nxe6 fxe6 18. Nc3 Kb7 19. Kc2 Rad8 20. Be3 a6
21. b4 c5 22. a3 Rf8 23. Rxf8 Bxf8 24. Na4 Kc6 25. bxc5 bxc5 26. Nc3 Rb8 27.
Bf4 Rb7 28. h4 Bg7 29. h5 g5 30. Bg3 Nb6 31. Bxe5 Bxe5 32. Rd8 Bxc3 33. Kxc3
Na4+ 34. Kc2 Rb2+ 35. Kd3 Rb3+ 36. Kd2 Rxa3 37. Rh8 Ra2+ 38. Ke3 Ra3+ 39. Kd2
Ra2+ 40. Ke3 Ra3+ 41. Kf2 Ra2 42. Kf3 Nc3 43. Bd3 Kd6 44. Rxh6 Rd2 45. e5+ Kxe5
46. Bg6 Ne2 47. Rh7 Nf4 48. g3 Nxg6 49. hxg6 Kf6 50. g7 Kf7 51. Rh5 Rd3+ 52.
Kf2 Kxg7 53. Rxg5+ Kf6 54. Rxc5 Ra3 55. g4 e5 56. Rc8 Kg5 57. c5 Rc3 58. c6 Kf6
59. g5+ Kg7 60. Ke2 e4 61. Kd2 Rc4 62. Ke3 a5 63. Kf4 a4 64. Kf5 e3 65. Rc7+
Kf8 66. Rc8+ Kg7 67. Rc7+ Kf8 68. g6 e2 69. Rc8+ Kg7 70. Rc7+ Kf8 71. g7+ Kg8
72. Re7 Rxc6 73. Rxe2 Kxg7 1/2-1/2

[Event "Elit(Sollentuna-LASK)"]
[Site "?"]
[Date "2006.??.??"]
[Round "11"]
[White "Nilsson, Sebastian"]
[Black "Popov, Valerij"]
[Result "0-1"]
[WhiteElo "2252"]
[BlackElo "2633"]
[PlyCount "56"]
[EventDate "2006.03.21"]

1. e4 c5 2. Nf3 d6 3. d4 Nf6 4. Nc3 cxd4 5. Nxd4 a6 6. Bc4 e6 7. O-O Be7 8. Bb3
O-O 9. f4 Nbd7 10. Be3 Nc5 11. Qf3 Qc7 12. g4 b5 13. g5 Nfxe4 14. Nxe4 Bb7 15.
Nxc5 Bxf3 16. Ncxe6 Qb7 17. Rxf3 fxe6 18. Nxe6 Rf7 19. Rf2 Rc8 20. Rd1 Qe4 21.
Bd2 Rxc2 22. Re1 Qf5 23. Nd8 Rc4 24. Nxf7 Kxf7 25. Bxc4+ bxc4 26. Be3 h5 27.
Bd4 Bf8 28. Re3 Qg4+ 0-1

[Event "Elit(Sollentuna-LASK)"]
[Site "?"]
[Date "2006.??.??"]
[Round "11"]
[White "Lindberg, Bo"]
[Black "Semcesen, Daniel"]
[Result "1-0"]
[WhiteElo "2493"]
[BlackElo "2308"]
[PlyCount "41"]
[EventDate "2006.03.21"]

1. e4 e5 2. Nf3 Nf6 3. Nxe5 d6 4. Nf3 Nxe4 5. Nc3 Nxc3 6. dxc3 Be7 7. Bf4 Nc6
8. Qd2 Bg4 9. Be2 Qd7 10. O-O-O O-O-O 11. h3 Bf5 12. Nd4 Nxd4 13. Qxd4 c5 14.
Qd2 d5 15. Rhe1 Rhe8 16. Bf3 Be6 17. c4 Qa4 18. cxd5 Qxa2 19. Qd3 Bf6 20. Qb5
Rd7 21. Rd3 1-0

[Event "Elit(Sollentuna-LASK)"]
[Site "?"]
[Date "2006.??.??"]
[Round "11"]
[White "Riis, Jens"]
[Black "Couso, Luis"]
[Result "0-1"]
[WhiteElo "2257"]
[BlackElo "2357"]
[PlyCount "124"]
[EventDate "2006.03.21"]

1. Nc3 Nf6 2. e4 e5 3. Nf3 Nc6 4. Bb5 Bb4 5. O-O O-O 6. d3 Bxc3 7. bxc3 d6 8.
Bxc6 bxc6 9. Bg5 h6 10. Bh4 Re8 11. Nd2 g5 12. Bg3 Nh7 13. Nc4 Be6 14. Ne3 Qd7
15. Qd2 Nf8 16. c4 f6 17. Qa5 Reb8 18. Rab1 Qc8 19. a4 Nd7 20. f3 Rb6 21. Bf2
Rab8 22. Rxb6 axb6 23. Qb4 Ra8 24. Ra1 Ra5 25. Nd1 Qa8 26. Nb2 c5 27. Qd2 Nb8
28. c3 Nc6 29. Rf1 Ne7 30. g3 Bh3 31. Re1 Qc8 32. d4 Ra8 33. Kh1 Kf7 34. Be3
Ng6 35. Rg1 Be6 36. Qf2 cxd4 37. cxd4 exd4 38. Bxd4 c5 39. Bc3 Qc6 40. Qe2 Re8
41. Re1 h5 42. Kg1 h4 43. a5 bxa5 44. Bxa5 Ra8 45. Bc3 Ra3 46. Qd2 h3 47. Nd1
Qa6 48. Ne3 Ra2 49. Qd3 Qa3 50. Rd1 Ne5 51. Bxe5 Qxd3 52. Rxd3 dxe5 53. Rc3 g4
54. fxg4 Kg6 55. Rd3 Re2 56. Rc3 Kg5 57. Nd5 Bxg4 58. Ne3 Bf3 59. Nf5 Rg2+ 60.
Kf1 Bxe4 61. Nh4 Rxh2 62. Re3 Bc6 0-1

[Event "Elit(Sollentuna-LASK)"]
[Site "?"]
[Date "2006.??.??"]
[Round "11"]
[White "Ong, Kezli"]
[Black "Johnson, Bjorn"]
[Result "0-1"]
[WhiteElo "2366"]
[BlackElo "2281"]
[PlyCount "76"]
[EventDate "2006.03.21"]

1. e4 e6 2. d3 d5 3. Nd2 Nf6 4. Ngf3 Bc5 5. e5 Nfd7 6. d4 Bb6 7. Nb3 c5 8. dxc5
Nxc5 9. Nxc5 Bxc5 10. Bd3 Bd7 11. O-O Qb6 12. a4 Nc6 13. c3 a5 14. Qe2 f5 15.
exf6 gxf6 16. Bh6 Qd8 17. Ng5 Ne5 18. Bg7 Nxd3 19. Qxd3 Rg8 20. Qxh7 Rxg7 21.
Qxg7 fxg5 22. Qg8+ Ke7 23. Qxg5+ Kd6 24. Qg3+ Kc6 25. b4 Bd6 26. Qd3 Qh8 27. f4
Kc7 28. c4 Bxf4 29. g3 Be5 30. Rad1 Bxa4 31. Rf7+ Kb8 32. Rdf1 Bd4+ 33. Kg2
dxc4 34. Rxb7+ Kxb7 35. Rf7+ Kb6 36. Qxc4 Bc6+ 37. Kf1 axb4 38. Qxb4+ Bb5+ 0-1

[Event "Elit(Sollentuna-LASK)"]
[Site "?"]
[Date "2006.??.??"]
[Round "11"]
[White "Meurman, Arne"]
[Black "Bergstrom, Peter"]
[Result "0-1"]
[WhiteElo "2088"]
[BlackElo "2364"]
[PlyCount "160"]
[EventDate "2006.03.21"]

1. e4 c6 2. d4 d5 3. Nc3 dxe4 4. Nxe4 Bf5 5. Ng3 Bg6 6. Nf3 Nd7 7. h4 h6 8. h5
Bh7 9. Bd3 Bxd3 10. Qxd3 Ngf6 11. Bd2 Qc7 12. O-O-O e6 13. c4 Bd6 14. Ne4 Bf4
15. Kb1 Nxe4 16. Qxe4 Bxd2 17. Rxd2 O-O-O 18. Qe2 Rhe8 19. Rhd1 Qf4 20. Ne5 Re7
21. Rd3 Nf6 22. g4 Qe4 23. Qxe4 Nxe4 24. Re1 Nd6 25. f4 Rc7 26. c5 Ne8 27. g5
f6 28. Ng6 hxg5 29. fxg5 fxg5 30. Rxe6 Rcd7 31. Ne5 Nc7 32. Rg6 Re7 33. Rxg5
Ne6 34. Rg4 Nxd4 35. Rgxd4 Rxd4 36. Rxd4 Rxe5 37. Rg4 Rxh5 38. Rxg7 Rxc5 39. a3
Rd5 40. Kc2 Rd7 41. Rg8+ Kc7 42. Kc3 Rh7 43. b3 Rh3+ 44. Kc2 b5 45. Rg7+ Kb6
46. Rg6 a5 47. Kb2 Rh4 48. Rf6 Rh2+ 49. Kb1 Rd2 50. Rh6 Kc5 51. Rh5+ Kd4 52.
Kc1 Ra2 53. Rh4+ Kd5 54. a4 bxa4 55. bxa4 c5 56. Kb1 Re2 57. Rh8 Re4 58. Rd8+
Kc4 59. Rb8 Kd5 60. Rd8+ Kc6 61. Rc8+ Kd6 62. Kc2 Rxa4 63. Kc3 Rb4 64. Rd8+ Kc6
65. Rc8+ Kb5 66. Rb8+ Ka4 67. Rc8 Rb1 68. Kc2 Rb5 69. Kc3 Ka3 70. Rc7 a4 71.
Rc8 Rb3+ 72. Kc2 Kb4 73. Rh8 Rg3 74. Rb8+ Kc4 75. Ra8 a3 76. Ra7 Rg2+ 77. Kb1
Kb3 78. Rb7+ Kc3 79. Rb8 Rb2+ 80. Rxb2 axb2 0-1

[Event "Elit(Sollentuna-LASK)"]
[Site "?"]
[Date "2006.??.??"]
[Round "11"]
[White "Andersson, Fredrik"]
[Black "Smith, Axel"]
[Result "1-0"]
[WhiteElo "2280"]
[BlackElo "2164"]
[PlyCount "156"]
[EventDate "2006.03.21"]

1. d4 e6 2. Nf3 Nf6 3. Bg5 h6 4. Bh4 b6 5. Nbd2 d5 6. e3 Be7 7. Bd3 Ba6 8. Bxa6
Nxa6 9. O-O O-O 10. Ne5 Nb8 11. c4 Nfd7 12. Bxe7 Qxe7 13. f4 c5 14. Qf3 cxd4
15. cxd5 dxe3 16. dxe6 Nxe5 17. fxe5 Nd7 18. exf7+ Kh8 19. Qxe3 Qxe5 20. Qxe5
Nxe5 21. Rae1 Nxf7 22. Re7 Ng5 23. Rxf8+ Rxf8 24. Rxa7 Rc8 25. h4 Ne6 26. Rb7
Rc2 27. Rxb6 Rxd2 28. Rxe6 Rxb2 29. Ra6 Kh7 30. a4 Rc2 31. Kh2 Rc3 32. g3 Ra3
33. h5 Kh8 34. Kh3 Kh7 35. Kh4 Kh8 36. Ra7 Kh7 37. Ra6 Kh8 38. Ra8+ Kh7 39. Ra7
Ra2 40. Kg4 Ra1 41. Kf4 Rf1+ 42. Kg4 Ra1 43. Ra6 Ra2 44. a5 Ra4+ 45. Kf5 Ra3
46. Kg4 Ra4+ 47. Kh3 Ra2 48. Ra7 Ra1 49. a6 Ra5 50. Kg4 Rg5+ 51. Kh4 Ra5 52.
Ra8 Ra4+ 53. Kh3 Ra5 54. g4 Ra1 55. Ra7 Ra3+ 56. Kg2 Ra4 57. Kf3 Ra3+ 58. Ke4
Ra4+ 59. Kd3 Ra1 60. Kc4 Rc1+ 61. Kb5 Rb1+ 62. Kc6 Ra1 63. Kd6 Ra4 64. Ke6 Kg8
65. Kd6 Kh7 66. Kc6 Ra1 67. Kb7 Rb1+ 68. Kc8 Ra1 69. Kd8 Ra4 70. Kc8 Ra1 71.
Ra8 Ra4 72. Kb7 Rxg4 73. Rb8 Ra4 74. a7 g6 75. a8=Q Rxa8 76. Rxa8 gxh5 77. Ra6
h4 78. Ra4 Kg6 1-0

[Event "Elit(Manhem-Eksjo)"]
[Site "?"]
[Date "2006.??.??"]
[Round "11"]
[White "Gdanski, Jacek"]
[Black "Landgren, Philip"]
[Result "1/2-1/2"]
[WhiteElo "2606"]
[BlackElo "2336"]
[PlyCount "61"]
[EventDate "2006.??.??"]

1. e4 e5 2. Nf3 Nc6 3. Bb5 a6 4. Ba4 Nf6 5. O-O b5 6. Bb3 Bc5 7. Nxe5 Nxe5 8.
d4 Bxd4 9. Qxd4 d6 10. f4 Nc6 11. Qd1 Bb7 12. Nc3 O-O 13. f5 Na5 14. Bg5 Nxb3
15. axb3 Qe7 16. Qd4 Qe5 17. Qxe5 dxe5 18. Bxf6 gxf6 19. Rfd1 Rfd8 20. Nd5 Bxd5
21. exd5 Rd6 22. c4 bxc4 23. bxc4 c6 24. b4 cxd5 25. Rxd5 Rxd5 26. cxd5 Rb8 27.
Rxa6 Rxb4 28. Rxf6 Kg7 29. Ra6 Rd4 30. Kf2 Rxd5 31. Kf3 1/2-1/2

[Event "Elit(Manhem-Eksjo)"]
[Site "?"]
[Date "2006.??.??"]
[Round "11"]
[White "Moberg, Karl-Johan"]
[Black "Vernersson, Per"]
[Result "1/2-1/2"]
[WhiteElo "2308"]
[BlackElo "2522"]
[PlyCount "68"]
[EventDate "2006.??.??"]

1. d4 d5 2. c4 e6 3. Nf3 Nf6 4. Bg5 Nbd7 5. e3 h6 6. Bh4 Be7 7. Nc3 O-O 8. Rc1
a6 9. c5 c6 10. Bd3 b6 11. cxb6 c5 12. O-O c4 13. Bb1 Qxb6 14. Qc2 Re8 15. Rcd1
Nf8 16. Ne5 N6d7 17. Bxe7 Rxe7 18. f4 Rb8 19. Rd2 f6 20. Ng4 f5 21. Ne5 Nf6 22.
Qd1 Qd6 23. h3 Reb7 24. Rff2 g6 25. g4 Rg7 26. Rg2 Bd7 27. Qe1 Qe7 28. Qh4 Kh7
29. Nf3 Ng8 30. gxf5 gxf5 31. Rxg7+ Qxg7+ 32. Rg2 Qf6 33. Qxf6 Nxf6 34. Ne5 Be8
1/2-1/2

[Event "Elit(Manhem-Eksjo)"]
[Site "?"]
[Date "2006.??.??"]
[Round "11"]
[White "Schussler, Harry"]
[Black "Sagit, Rauan"]
[Result "1-0"]
[WhiteElo "2459"]
[BlackElo "2328"]
[PlyCount "49"]
[EventDate "2006.??.??"]

1. d4 Nf6 2. Nf3 e6 3. c4 b6 4. a3 Bb7 5. Nc3 d5 6. cxd5 Nxd5 7. Qc2 Nxc3 8.
bxc3 Be7 9. e4 O-O 10. c4 Nd7 11. Bb2 Re8 12. Bd3 c5 13. d5 exd5 14. exd5 Bd6+
15. Kf1 h6 16. g3 b5 17. Kg2 Nb6 18. Rhd1 Rc8 19. Rd2 Rc7 20. Rad1 Qa8 21. Kg1
Rcc8 22. Ba1 bxc4 23. Bxc4 Rcd8 24. Ba2 Bf8 25. Bb1 1-0

[Event "Elit(Manhem-Eksjo)"]
[Site "?"]
[Date "2006.??.??"]
[Round "11"]
[White "Nithander, Victor"]
[Black "Rothen, Hakan"]
[Result "1-0"]
[WhiteElo "2375"]
[BlackElo "2366"]
[PlyCount "113"]
[EventDate "2006.??.??"]

1. e4 e6 2. d4 d5 3. Nd2 Nf6 4. e5 Nfd7 5. f4 c5 6. c3 b6 7. Bd3 Ba6 8. Bb1 Nc6
9. Ndf3 Rc8 10. Kf2 Qc7 11. Ne2 Be7 12. h4 f6 13. Ng3 cxd4 14. cxd4 fxe5 15.
fxe5 O-O 16. Be3 Ncxe5 17. dxe5 Nxe5 18. Bf5 Rxf5 19. Nxf5 Ng4+ 20. Kg1 exf5
21. Rc1 Nxe3 22. Rxc7 Nxd1 23. Rxe7 Bd3 24. Kh2 Nf2 25. Rhe1 Be4 26. Nd4 Nd3
27. Re2 Nf4 28. Rf2 Rc4 29. Nb5 g5 30. hxg5 Nd3 31. Rd2 Rc6 32. Nd4 Rg6 33. Ne6
Ne5 34. Nf4 Ng4+ 35. Kg1 Rc6 36. Kf1 Ne3+ 37. Kf2 Nc4 38. Rxd5 Bxd5 39. Nxd5
Nxb2 40. Rxa7 Rc2+ 41. Ke3 Rxg2 42. Kd4 Kf8 43. Nf4 Rd2+ 44. Ke5 Nc4+ 45. Kf6
Rd6+ 46. Ne6+ Rxe6+ 47. Kxe6 Ne3 48. Rxh7 Kg8 49. Rf7 b5 50. g6 b4 51. Ke5 Nc4+
52. Kxf5 Nd6+ 53. Kf6 Ne4+ 54. Ke5 Nc5 55. Ra7 Kf8 56. g7+ Kg8 57. Kf6 1-0

[Event "Elit(Manhem-Eksjo)"]
[Site "?"]
[Date "2006.??.??"]
[Round "11"]
[White "Miskulin, Dennis"]
[Black "Akesson, Joel"]
[Result "1/2-1/2"]
[WhiteElo "2299"]
[BlackElo "2369"]
[PlyCount "80"]
[EventDate "2006.??.??"]

1. e4 e6 2. d4 d5 3. Nc3 Bb4 4. e5 Ne7 5. a3 Bxc3+ 6. bxc3 b6 7. Qg4 Ng6 8. Nf3
Ba6 9. Bxa6 Nxa6 10. a4 Nb8 11. h4 h5 12. Qg3 Nc6 13. Nd2 Na5 14. Nb3 Nc4 15.
a5 c5 16. Bg5 Qc8 17. axb6 axb6 18. Rxa8 Qxa8 19. O-O cxd4 20. Ra1 Qc8 21. cxd4
O-O 22. Qf3 Na5 23. Qd3 Qc7 24. g3 Rc8 25. Qa6 Nc6 26. Bd2 Nce7 27. c3 Rb8 28.
Nc1 Qc4 29. Ra4 Qxa6 30. Rxa6 Nc6 31. Kf1 Na5 32. Ke2 Ne7 33. Nd3 Nec6 34. Nb2
Kf8 35. Na4 Nc4 36. Bc1 Ke8 37. Nb2 N4a5 38. Na4 Nc4 39. Nb2 N4a5 40. Na4 Nc4
1/2-1/2

[Event "Elit(Manhem-Eksjo)"]
[Site "?"]
[Date "2006.??.??"]
[Round "11"]
[White "Schneider, Lars-Ake"]
[Black "Gustafsson, Fredrik"]
[Result "1/2-1/2"]
[WhiteElo "2356"]
[BlackElo "2209"]
[PlyCount "37"]
[EventDate "2006.??.??"]

1. e4 c5 2. Nf3 d6 3. d4 cxd4 4. Nxd4 Nf6 5. Nc3 g6 6. Be3 Bg7 7. f3 O-O 8. Qd2
Nc6 9. O-O-O Nxd4 10. Bxd4 Be6 11. Kb1 Qc7 12. g4 Rfc8 13. g5 Nd7 14. Bxg7 Kxg7
15. h4 Qa5 16. a3 Rab8 17. h5 Nf8 18. hxg6 fxg6 19. Bh3 1/2-1/2

[Event "Elit(Manhem-Eksjo)"]
[Site "?"]
[Date "2006.??.??"]
[Round "11"]
[White "Krantz, Christopher"]
[Black "Hultin, Johan"]
[Result "1/2-1/2"]
[WhiteElo "2196"]
[BlackElo "2296"]
[PlyCount "189"]
[EventDate "2006.??.??"]

1. e4 c5 2. Nf3 d6 3. d4 cxd4 4. Nxd4 Nf6 5. Nc3 a6 6. Be3 e6 7. f3 b5 8. Qd2
Nbd7 9. a4 bxa4 10. Rxa4 Qc7 11. Bd3 Nc5 12. Ra1 Rb8 13. b3 Nxd3+ 14. Qxd3 Be7
15. O-O O-O 16. Na4 Bb7 17. c4 Nd7 18. Rfd1 Ne5 19. Qc2 Bc8 20. Kh1 Kh8 21.
Rdc1 Bd7 22. Nc3 Qb7 23. Bf2 h6 24. Bg3 Rfd8 25. Rd1 Nc6 26. Nxc6 Qxc6 27. Ne2
e5 28. Nc3 Rdc8 29. Nd5 Bd8 30. Bf2 a5 31. Rd3 Rb7 32. Be3 f5 33. Qd2 f4 34.
Bf2 Be6 35. Qd1 Bxd5 36. Rxd5 Bc7 37. Be1 Rcb8 38. Rd3 Qc5 39. h3 Kh7 40. Kh2
Bb6 41. Bd2 Qf2 42. Qe1 Qxe1 43. Rxe1 Bc5 44. Bxa5 Rxb3 45. Rxb3 Rxb3 46. Rd1
Rb7 47. h4 Ra7 48. Be1 Ra4 49. Rc1 Ra2 50. h5 Kg8 51. Bh4 Kf7 52. Kh3 g6 53.
hxg6+ Kxg6 54. Be7 Kf7 55. Bh4 Ke6 56. Rb1 Kf7 57. Rb7+ Kg6 58. Rb1 Rc2 59. Rd1
Kf7 60. Bd8 Rxc4 61. Bc7 Ke6 62. Ba5 Rc2 63. Be1 Bd4 64. Bh4 d5 65. exd5+ Kxd5
66. Bf6 Ke6 67. Bh4 Kf5 68. Be1 Rb2 69. Bh4 Rb3 70. Kh2 Rb2 71. Kh3 Re2 72. Kh2
Be3 73. Bd8 Bf2 74. Bc7 h5 75. Bd8 Be1 76. Bb6 Bd2 77. Bc7 e4 78. fxe4+ Kg4 79.
Rf1 Rxe4 80. Kh1 h4 81. Bb6 Be3 82. Bc7 h3 83. gxh3+ Kxh3 84. Bxf4 Bxf4 85.
Rf3+ Bg3 86. Kg1 Re2 87. Rf7 Kg4 88. Kf1 Rb2 89. Rf8 Bf4 90. Ke1 Kf3 91. Rd8
Be3 92. Rf8+ Ke4 93. Re8+ Kd3 94. Rd8+ Bd4 95. Rc8 1/2-1/2

[Event "Elit(Manhem-Eksjo)"]
[Site "?"]
[Date "2006.??.??"]
[Round "11"]
[White "Kinnmark, Ove"]
[Black "Andersson, Johan"]
[Result "1/2-1/2"]
[WhiteElo "2280"]
[BlackElo "2237"]
[PlyCount "21"]
[EventDate "2006.??.??"]

1. e4 d6 2. d4 Nf6 3. Nc3 c6 4. a4 Qa5 5. Bd3 e5 6. dxe5 dxe5 7. h3 Bb4 8. Bd2
Be6 9. Nf3 h6 10. O-O Nbd7 11. Nb1 1/2-1/2

[Event "Elit(Linkoping-Lulea)"]
[Site "?"]
[Date "2006.??.??"]
[Round "11"]
[White "Astrom, Robert"]
[Black "Palo, Davor"]
[Result "1/2-1/2"]
[WhiteElo "2497"]
[BlackElo "2546"]
[PlyCount "111"]
[EventDate "2006.??.??"]

1. d4 Nf6 2. c4 e6 3. Nf3 b6 4. g3 Bb7 5. Bg2 Be7 6. O-O O-O 7. Nc3 Ne4 8. Qc2
Nxc3 9. Qxc3 d6 10. Rd1 Be4 11. Ne1 Bxg2 12. Nxg2 Nd7 13. d5 e5 14. e4 Bg5 15.
Bxg5 Qxg5 16. Rf1 f5 17. exf5 Qxf5 18. f4 Rae8 19. Rae1 Qg4 20. b3 a5 21. Rf2
Rf7 22. Ref1 Ref8 23. Qe1 h6 24. Qe3 Qh5 25. fxe5 Rxf2 26. Rxf2 Rxf2 27. Qxf2
Qd1+ 28. Qe1 Qd4+ 29. Qe3 Qa1+ 30. Qe1 Qd4+ 31. Qe3 Qxe5 32. Qxe5 Nxe5 33. Nf4
Kf7 34. Kf1 g5 35. Ne6 c5 36. Ke2 Kf6 37. h3 a4 38. Ke3 axb3 39. axb3 g4 40. h4
Nf3 41. Kf4 h5 42. Ke3 Ke5 43. Nf8 Nd4 44. Nd7+ Kf5 45. Nxb6 Nxb3 46. Nc8 Ke5
47. Ne7 Kf6 48. Nc8 Ke5 49. Na7 Kf6 50. Nc6 Na1 51. Kd3 Nb3 52. Kc3 Nc1 53. Kd2
Nb3+ 54. Kc3 Nc1 55. Kd2 Nb3+ 56. Kc3 1/2-1/2

[Event "Elit(Linkoping-Lulea)"]
[Site "?"]
[Date "2006.??.??"]
[Round "11"]
[White "Cramling, Pia"]
[Black "Larsson, Anders"]
[Result "1-0"]
[WhiteElo "2583"]
[BlackElo "2394"]
[PlyCount "37"]
[EventDate "2006.??.??"]

1. d4 d6 2. Nf3 Bg4 3. c4 Nd7 4. Nc3 e5 5. g3 Ngf6 6. Bg2 c6 7. O-O e4 8. Ng5
d5 9. cxd5 cxd5 10. f3 exf3 11. exf3 Bf5 12. g4 Bg6 13. Nh3 Nb6 14. a4 Be7 15.
a5 Nc4 16. g5 Nd7 17. Nxd5 O-O 18. Qe2 Nxa5 19. Nxe7+ 1-0

[Event "Elit(Linkoping-Lulea)"]
[Site "?"]
[Date "2006.??.??"]
[Round "11"]
[White "Setterqvist, Kurt"]
[Black "Bellon Lopez, Juan"]
[Result "0-1"]
[WhiteElo "2338"]
[BlackElo "2510"]
[PlyCount "78"]
[EventDate "2006.??.??"]

1. d4 c5 2. d5 Nf6 3. Nc3 e5 4. e4 d6 5. Nf3 Bg4 6. Be2 Bxf3 7. Bxf3 Be7 8. O-O
O-O 9. g3 Nbd7 10. Bg2 Ne8 11. a4 g6 12. Bh6 Ng7 13. Qd2 Nf6 14. f4 Ng4 15.
Bxg7 Kxg7 16. Qe2 Nf6 17. Rf2 Qb6 18. fxe5 dxe5 19. Qb5 c4 20. Qxb6 axb6 21.
Re2 Bc5+ 22. Kh1 h5 23. Bf3 h4 24. gxh4 Rh8 25. h5 Nxh5 26. Bxh5 Rxh5 27. Nb5
Rh4 28. b3 cxb3 29. cxb3 Rh3 30. Rb1 Rd3 31. Kg2 Rh8 32. b4 Be7 33. a5 bxa5 34.
bxa5 Rh4 35. Nc7 Bc5 36. a6 bxa6 37. Nxa6 Ba7 38. Nb4 Rg4+ 39. Kh1 Rb3 0-1

[Event "Elit(Linkoping-Lulea)"]
[Site "?"]
[Date "2006.??.??"]
[Round "11"]
[White "Malesevic, Nedeljko"]
[Black "Kauppila, Osmo"]
[Result "1-0"]
[WhiteElo "2341"]
[BlackElo "2331"]
[PlyCount "93"]
[EventDate "2006.??.??"]

1. d4 Nf6 2. c4 g6 3. Nc3 Bg7 4. e4 d6 5. f4 O-O 6. Nf3 c5 7. d5 e6 8. Be2 exd5
9. exd5 Bf5 10. O-O Re8 11. Bd3 Qd7 12. Qc2 Bxd3 13. Qxd3 Na6 14. a3 Nc7 15.
Bd2 Rab8 16. b4 cxb4 17. axb4 Na6 18. Rab1 Qc7 19. Nb5 Qb6+ 20. Nbd4 Re4 21.
Rfe1 Rxe1+ 22. Bxe1 Re8 23. Kf1 Ng4 24. h3 Re3 25. Qd2 Nh2+ 26. Nxh2 Bxd4 27.
Ng4 Re4 28. Bf2 Kg7 29. f5 Kf8 30. Nf6 Bxf6 31. Bxb6 axb6 32. fxg6 hxg6 33. Qf2
Bd4 34. Qf3 Re5 35. g4 Re7 36. Qd3 Bg7 37. Kg2 Kg8 38. Kf3 Re5 39. h4 Kf8 40.
Qa3 Kg8 41. Qa4 Re7 42. Rd1 Bc3 43. b5 Nc5 44. Qa8+ Kg7 45. Qd8 Rd7 46. Qe8 Rc7
47. h5 1-0

[Event "Elit(Linkoping-Lulea)"]
[Site "?"]
[Date "2006.??.??"]
[Round "11"]
[White "Marklund, Nicklas"]
[Black "Olsson, Conny"]
[Result "1/2-1/2"]
[WhiteElo "2267"]
[BlackElo "2247"]
[PlyCount "62"]
[EventDate "2006.??.??"]

1. d4 Nf6 2. c4 e5 3. dxe5 Ne4 4. a3 Nc6 5. Nf3 d6 6. Qc2 Nc5 7. b4 Ne6 8. exd6
Bxd6 9. e3 a5 10. b5 Ne5 11. Nxe5 Bxe5 12. Bb2 Bxb2 13. Qxb2 b6 14. Be2 Bb7 15.
O-O Qg5 16. g3 h5 17. Nd2 h4 18. Nf3 Qg6 19. Ne5 hxg3 20. fxg3 Qe4 21. Bf3
Qxe3+ 22. Qf2 Qxf2+ 23. Rxf2 Bxf3 24. Rxf3 O-O 25. Rd1 f6 26. Nc6 Nc5 27. Re3
Rfe8 28. Rde1 Kf8 29. Ne7 Nd3 30. Rxd3 Rxe7 31. Rxe7 Kxe7 1/2-1/2

[Event "Elit(Linkoping-Lulea)"]
[Site "?"]
[Date "2006.??.??"]
[Round "11"]
[White "Fransson, Jorgen"]
[Black "Almstrom, Martin"]
[Result "1/2-1/2"]
[WhiteElo "2115"]
[BlackElo "2245"]
[PlyCount "95"]
[EventDate "2006.??.??"]

1. d4 Nf6 2. Nf3 e6 3. c4 b6 4. a3 Ba6 5. Qc2 Bb7 6. Nc3 c5 7. e4 cxd4 8. Nxd4
Nc6 9. Nxc6 Bxc6 10. Be2 Qc7 11. O-O Bc5 12. Bf3 h5 13. g3 a5 14. Qe2 Bd4 15.
Nd5 Qb7 16. Bf4 e5 17. Be3 Bxe3 18. Qxe3 Bxd5 19. exd5 d6 20. Qg5 Rh6 21. b4
Rg6 22. Qe3 axb4 23. axb4 Rc8 24. Rfc1 Ng4 25. Qa3 Rf6 26. Bxg4 hxg4 27. Qa7
Rc7 28. Qxb7 Rxb7 29. Rc3 Rf3 30. Re3 f5 31. h3 Rxe3 32. fxe3 gxh3 33. Kh2 Ke7
34. Kxh3 Kf6 35. Ra8 g5 36. Rf8+ Rf7 37. Rb8 f4 38. gxf4 gxf4 39. exf4 exf4 40.
Rxb6 Ke5 41. Kg2 Ra7 42. Rc6 Ra2+ 43. Kf3 Ra3+ 44. Kf2 Ra2+ 45. Kf3 Ra3+ 46.
Ke2 Ra2+ 47. Kf3 Ra3+ 48. Kf2 1/2-1/2

[Event "Elit(Linkoping-Lulea)"]
[Site "?"]
[Date "2006.??.??"]
[Round "11"]
[White "Engstrom, Kaj"]
[Black "Rosberg, Simon"]
[Result "0-1"]
[WhiteElo "2206"]
[BlackElo "2147"]
[PlyCount "90"]
[EventDate "2006.??.??"]

1. e4 c5 2. Nf3 Nc6 3. d4 cxd4 4. Nxd4 g6 5. c4 Nf6 6. Nc3 d6 7. Be2 Nxd4 8.
Qxd4 Bg7 9. O-O O-O 10. h3 Be6 11. Qe3 Nd7 12. b3 Qb6 13. Qxb6 Nxb6 14. Bb2 a5
15. a4 Nd7 16. Rab1 Nc5 17. Nd5 Bxd5 18. exd5 Bxb2 19. Rxb2 Ra6 20. Rfb1 Rb6
21. Bd1 Ra8 22. Kf1 Rb4 23. Ke2 Kf8 24. Kd2 Ke8 25. Kc3 Kd7 26. Ra2 Kc7 27. Kb2
e5 28. dxe6 fxe6 29. Kc3 Rd8 30. Rbb2 d5 31. cxd5 Ne4+ 32. Kc2 Nxf2 33. Bf3
exd5 34. Ra1 Ne4 35. Rf1 Rd7 36. Bg4 Re7 37. Rf8 Kd6 38. Ra8 b6 39. Bf3 Rc7+
40. Kd1 Nc3+ 41. Ke1 Nxa4 42. Rd2 Re7+ 43. Kf2 Nc3 44. Bxd5 Nxd5 45. Rd8+ Kc7
0-1

[Event "Elit(Linkoping-Lulea)"]
[Site "?"]
[Date "2006.??.??"]
[Round "11"]
[White "Klashed, Martin"]
[Black "Pettersson, Tobias"]
[Result "1-0"]
[WhiteElo "2106"]
[BlackElo "2147"]
[PlyCount "73"]
[EventDate "2006.??.??"]

1. e4 d6 2. d4 Nf6 3. Nc3 g6 4. Nf3 Bg7 5. Be2 O-O 6. O-O a6 7. h3 b5 8. e5
Nfd7 9. Bf4 Nc6 10. exd6 cxd6 11. Qd2 Re8 12. Rad1 Bb7 13. Rfe1 Rc8 14. a4 b4
15. Nd5 Qa5 16. Ne3 d5 17. Ng4 Nd8 18. b3 h5 19. Nge5 Nf6 20. Ng5 Ne4 21. Nxe4
dxe4 22. Nc4 Qf5 23. g4 Qd5 24. Ne3 Qa5 25. gxh5 g5 26. Bg3 Rc3 27. Bg4 e6 28.
Nc4 Qd5 29. Ne3 Qa5 30. Be2 f5 31. Nc4 Qd5 32. Qxg5 Nf7 33. Qg6 Re7 34. Ne3 Qa5
35. Bf4 Nh8 36. Qg5 Nf7 37. Qxe7 1-0

[Event "Elit(Kamraterna-Wasa)"]
[Site "?"]
[Date "2006.??.??"]
[Round "11"]
[White "Wedberg, Tom"]
[Black "Svensson, Bengt"]
[Result "1/2-1/2"]
[WhiteElo "2553"]
[BlackElo "2463"]
[PlyCount "93"]
[EventDate "2006.??.??"]

1. e4 c5 2. Nf3 Nc6 3. d4 cxd4 4. Nxd4 Nf6 5. Nc3 e5 6. Ndb5 d6 7. Nd5 Nxd5 8.
exd5 Nb8 9. c4 Be7 10. Be2 a6 11. Nc3 O-O 12. O-O f5 13. f4 Nd7 14. Kh1 Bf6 15.
Qc2 exf4 16. Bxf4 Be5 17. Bd3 g6 18. Ne2 Qf6 19. Rab1 Bxf4 20. Nxf4 Ne5 21. Be2
Bd7 22. Qb3 Rab8 23. Rbc1 b6 24. Qc3 a5 25. b3 g5 26. Ne6 Bxe6 27. dxe6 Qxe6
28. Rcd1 Rf6 29. Bf3 Qe7 30. Bd5+ Kh8 31. a3 f4 32. Rde1 Qg7 33. Qd4 Rh6 34. h3
Rf8 35. b4 axb4 36. axb4 f3 37. Bxf3 Nxf3 38. Qxg7+ Kxg7 39. Re7+ Kg8 40. gxf3
Rxh3+ 41. Kg2 Rh4 42. Rc7 Rhf4 43. Rc6 g4 44. Rxd6 gxf3+ 45. Kg3 Rxc4 46. Rxb6
Rff4 47. Rxf3 1/2-1/2